Where is the Grand Canyon? (Record no. 8205)

MARC details
000 -LEADER
fixed length control field 01330nam a22002297a 4500
001 - CONTROL NUMBER
control field 8205
003 - CONTROL NUMBER IDENTIFIER
control field FISKH
005 - DATE AND TIME OF LATEST TRANSACTION
control field 20250902110530.0
008 - FIXED-LENGTH DATA ELEMENTS--GENERAL INFORMATION
fixed length control field 250902b cb ||||| |||| 00| 0 eng d
020 ## - INTERNATIONAL STANDARD BOOK NUMBER
International Standard Book Number 9780448483573
040 ## - CATALOGING SOURCE
Original cataloging agency FISKH
Language of cataloging eng
Transcribing agency FISKH
Modifying agency FISKH
050 ## - LIBRARY OF CONGRESS CALL NUMBER
Classification number F788 .O25
082 ## - DEWEY DECIMAL CLASSIFICATION NUMBER
Classification number 979.1
100 ## - MAIN ENTRY--PERSONAL NAME
Personal name O'Connor, Jim
245 ## - TITLE STATEMENT
Title Where is the Grand Canyon?
Statement of responsibility, etc. by Jim O'Connor ; Illustrated by Daniel Colon
260 ## - PUBLICATION, DISTRIBUTION, ETC.
Place of publication, distribution, etc. New York :
Name of publisher, distributor, etc. Penguin,
Date of publication, distribution, etc. 2015.
300 ## - PHYSICAL DESCRIPTION
Extent 108 pages :
Other physical details illustrations ; maps ;
Dimensions 20 cm
520 ## - SUMMARY, ETC.
Summary, etc. There are canyons all over the planet, and the Grand Canyon in Arizona is not the biggest. Yet because of the spectacular colors in the rock layers and fascinating formations of boulders, buttes, and mesas, it is known as one of the Seven Natural Wonders of the World. Starting with a brief overview of how national parks came into being, this book covers all aspects of the canyon--how it formed, which early native people lived there, and what varied wildlife can be found there now. A history of the canyon's end-to-end exploration in the late 1860s and how the Grand Canyon became such a popular vacation spot (5 million tourists visit every year) round out this informative, easy-to-read account.
650 ## - SUBJECT ADDED ENTRY--TOPICAL TERM
Topical term or geographic name entry element National Parks
Form subdivision Geography
942 ## - ADDED ENTRY ELEMENTS (KOHA)
Source of classification or shelving scheme Dewey Decimal Classification
Koha item type Books
Suppress in OPAC No
Holdings
Withdrawn status Lost status Source of classification or shelving scheme Damaged status Not for loan Collection Home library Current library Shelving location Date acquired Total Checkouts Full call number Barcode Date last seen Copy number Price effective from Koha item type
    Dewey Decimal Classification     Non-Fiction Footprints International School Library Network Toul Kork Campus Footprints International School Library Network Toul Kork Campus A TK Campus, 4th Floor, Room B401, Non-Fiction Bookcases(7-8) 09/02/2025   O'CO 79.1 F788 .O25 FISTK05766 09/02/2025 1 09/02/2025 Books